Kylie Minogue Videography - Statistics

General Stats
  • This quiz has been taken 32 times
  • The average score is 28 of 56
Answer Stats
Picture Answer % Correct
I Should be So Lucky
100%
Love At First Sight
92%
Better The Devil You Know
88%
Confide in Me
85%
All The Lovers
81%
Did It Again
77%
Locomotion
77%
On a Night Like This
77%
Step Back in Time
77%
Can't Get You Out of My Head
73%
Got to Be Certain
73%
Put Yourself in My Place
73%
2 Hearts
69%
Some Kind of Bliss
69%
Come into My World
65%
I Was Gonna Cancel
62%
Breathe
58%
Je Ne Sais Pas Pourquoi
58%
Slow
58%
Dancing
54%
Get Outta My Way
54%
In Your Eyes
54%
Spinning Around
54%
In My Arms
50%
It's No Secret
50%
Kids
50%
Magic
50%
Shocked
50%
A Second to Midnight
46%
Finer Feelings
46%
I Believe in You
46%
The One
46%
Especially For You
42%
Flower
42%
Giving You Up
42%
Hand on Your Heart
42%
Never too Late
42%
Red Blooded Woman
42%
Say Something
42%
Give Me Just A Little More Time
38%
Golden
38%
Your Disco Needs You
38%
Please Stay
35%
Wow
35%
Stop Me From Falling
31%
Wouldn't Change a Thing
31%
Celebration
27%
Chocolate
27%
Into The Blue
27%
Crystallize
23%
Tears on My Pillow
23%
What Do I Have to Do
23%
Where is the Feeling
23%
Word is Out
23%
If You Were With Me Now
19%
What Kind of Fool
12%
No matching quizzes found
Score Distribution
Percent of People with Each Score
Percentile by Number Answered
Your Score History
You have not taken this quiz